All of Lee's Battles - Statistics

General Stats
  • This quiz has been taken 6 times
  • The average score is 10 of 36
Answer Stats
Year Battle % Correct
1863 Battle of Gettysburg
100%
1862 Battle of Antietam
83%
1865 Battle of Appomattox Court House
83%
1864 Battle of Wilderness
83%
1862 2nd Battle of Bull Run
67%
1864 2nd Battle of Petersburg
67%
1865 3rd Battle of Petersburg
67%
1863 Battle of Chancellorsville
67%
1864 Battle of Cold Harbor
67%
1862 Battle of Fredericksburg
67%
1864 Battle of Spotsylvania
50%
1862 Battle of Malvern Hill
33%
1864 Battle of the Crater
33%
1847 Siege of Veracruz
33%
1864 2nd Battle of Deep Bottom
17%
1847 Battle of Chapultepec
17%
1863 Battle of Mine Run
17%
1864 Battle of North Anna
17%
1862 Battle of Oak Grove
17%
1862 Battle of South Mountain
17%
1864 Battle of Totopotomoy Creek
17%
1863 2nd Battle of Rappahannock Station
0%
1862 Battle of Beaver Dam Creek
0%
1847 Battle of Cerro Gordo
0%
1864 Battle of Chaffin's Farm
0%
1861 Battle of Cheat Mountain
0%
1847 Battle of Churubusco
0%
1847 Battle of Contreras
0%
1865 Battle of Cumberland Church
0%
1864 Battle of Darbytown and New Market Roads
0%
1862 Battle of Gaines' Mill
0%
1862 Battle of Glendale
0%
1863 Battle of Salem Church
0%
1865 Battle of White Oak Road
0%
1863 Battle of Williamsport
0%
1859 John Brown's Raid
0%
No matching quizzes found
Score Distribution
Percent of People with Each Score
Percentile by Number Answered
Your Score History
You have not taken this quiz